Sports Quiz

Random Sports or Basketball Quiz

NBA 6th Man Award Quiz Stats

 Plays Quiz Updated Jun 30, 2019

Score 0/37 Timer 06:00
0 Plays Today
Year Player % Correct
2018-19Lou Williams
92.5%
2017-18Lou Williams
91.5%
2013-14Jamal Crawford
81.6%
2015-16Jamal Crawford
81.2%
2011-12James Harden
80%
2007-08Manu Ginóbili
71.7%
2012-13J.R. Smith
70.5%
2016-17Eric Gordon
70.3%
2014-15Lou Williams
66.4%
2008-09Jason Terry
62.9%
2009-10Jamal Crawford
49.8%
2004-05Ben Gordon
45.8%
2006-07Leandro Barbosa
45%
1988-89Eddie Johnson
42.6%
2005-06Mike Miller
39.6%
1983-84Kevin McHale
34.5%
1984-85Kevin McHale
34.5%
2010-11Lamar Odom
33.8%
2002-03Bobby Jackson
33%
Year Player % Correct
1995-96Toni Kukoč
32.8%
1996-97John Starks
29.4%
1985-86Bill Walton
25.9%
1982-83Bobby Jones
23.5%
2000-01Aaron McKie
20.7%
1992-93Clifford Robinson
17.4%
1993-94Dell Curry
15.9%
1990-91Detlef Schrempf
15.8%
1991-92Detlef Schrempf
15.8%
1994-95Anthony Mason
15.8%
2003-04Antawn Jamison
15.6%
1998-99Darrell Armstrong
13.4%
2001-02Corliss Williamson
13.1%
1986-87Ricky Pierce
9.2%
1989-90Ricky Pierce
9.2%
1987-88Roy Tarpley
6.9%
1997-98Danny Manning
6.2%
1999-2000Rodney Rogers
5.8%

You're not logged in!

Compare scores with friends on all Sporcle quizzes.
OR
Log In

Sporcle TV

Today on Sporcle TV


Watch our educational content, quiz creation guides, and fun videos on Sporcle TV.

Show Comments

Extras

Top Quizzes Today


Score Distribution

Your Account Isn't Verified!

In order to create a playlist on Sporcle, you need to verify the email address you used during registration. Go to your Sporcle Settings to finish the process.

Report this User

Report this user for behavior that violates our Community Guidelines.

Details: